| 000 | 00395cam a22001217a 4500 | ||
|---|---|---|---|
| 008 | 180718b1962 xxu||||| |||| 00| 0 eng d | ||
| 082 | _aBA27x54 V669a | ||
| 245 |
_aAspects of religion in Indian society _cedited by Lalita Prasad Vidyarthi |
||
| 260 |
_aMeerut _bKedar Nath Ram Nath _c1962 |
||
| 300 | _ax, 410p | ||
| 650 | _aIndia --Religious life and customs. | ||
| 700 | _aVidyarthi, Lalita Prasad | ||
| 999 |
_c422888 _d422888 |
||